Paris 2024 Olimpics: Athletics/Track and Field part 4: Men's 800m - Statistics

General Stats
  • This quiz has been taken 16 times
  • The average score is 28 of 120
Answer Stats
Event Result Athlete Nationality % Correct
Men's 800m Final 1:41,20 (AR) Marco Arop Canada
88%
Men's 800m Semi-Final 1:45,05 Marco Arop Canada
88%
Men's 800m Round 1 1:45,74 Marco Arop Canada
88%
Men's 800m Final 1:41,50 Djamel Sedjati Algeria
81%
Men's 800m Semi-Final 1:45,08 Djamel Sedjati Algeria
81%
Men's 800m Round 1 1:45,84 Djamel Sedjati Algeria
81%
Men's 800m Final 1:41,19 (PB) Emmanuel Wanyonyi Kenya
81%
Men's 800m Semi-Final 1:43,32 Emmanuel Wanyonyi Kenya
81%
Men's 800m Round 1 1:44,64 Emmanuel Wanyonyi Kenya
81%
Men's 800m Final 1:42,14 Gabriel Tual France
75%
Men's 800m Semi-Final 1:45,16 Gabriel Tual France
75%
Men's 800m Round 1 1:45,13 Gabriel Tual France
75%
Men's 800m Final 1:41,67 (NR) Bryce Hoppel Usa
63%
Men's 800m Semi-Final 1:43,41 Bryce Hoppel Usa
63%
Men's 800m Round 1 1:45,24 Bryce Hoppel Usa
63%
Men's 800m Semi-Final 1:46,20 Hobbs Kessler Usa
44%
Men's 800m Round 1 1:46,15 Hobbs Kessler Usa
44%
Men's 800m Semi-Final 1:45,38 Catalin Tecuceanu Italy
38%
Men's 800m Round 1 1:44,80 Catalin Tecuceanu Italy
38%
Men's 800m Semi-Final 1:45,46 Elliot Giles Uk
38%
Men's 800m Round 1 1:45,93 Elliot Giles Uk
38%
Men's 800m Semi-Final 1:46,52 Andreas Kramer Sweden
31%
Men's 800m Round 1 1:44,93 Andreas Kramer Sweden
31%
Men's 800m Semi-Final 1:45,57 Ben Pattison Uk
31%
Men's 800m Round 1 1:45,56 Ben Pattison Uk
31%
Men's 800m Final 1:43,84 Max Burgin Uk
31%
Men's 800m Semi-Final 1:43,50 (PB) Max Burgin Uk
31%
Men's 800m Round 1 1:45,36 Max Burgin Uk
31%
Men's 800m Final 1:42,08 Mohamed Attaoui Spain
31%
Men's 800m Semi-Final 1:43,69 Mohamed Attaoui Spain
31%
Men's 800m Round 1 1:44,81 Mohamed Attaoui Spain
31%
Men's 800m Repechage Round 1:45,67 Slimane Moula Algeria
31%
Men's 800m Round 1 1:46,71 Slimane Moula Algeria
31%
Men's 800m Repechage Round 1:45,83 Benjamin Robert France
25%
Men's 800m Round 1 1:45,92 Benjamin Robert France
25%
Men's 800m Semi-Final 1:45,97 Mark English Ireland
25%
Men's 800m Round 1 1:45,15 Mark English Ireland
25%
Men's 800m Semi-Final 1:46,17 Simone Barontini Italy
25%
Men's 800m Repechage Round 1:45,56 Simone Barontini Italy
25%
Men's 800m Round 1 1:46,33 Simone Barontini Italy
25%
Men's 800m Final 1:42,82 (PB) Tshepiso Masalela Botswana
25%
Men's 800m Semi-Final 1:45,33 Tshepiso Masalela Botswana
25%
Men's 800m Round 1 1:45,58 Tshepiso Masalela Botswana
25%
Men's 800m Repechage Round 1:45,37 Adrian Ben Spain
19%
Men's 800m Round 1 1:45,03 Adrian Ben Spain
19%
Men's 800m Semi-Final 1:45,79 Brandon Miller Usa
19%
Men's 800m Repechage Round 1:44,21 Brandon Miller Usa
19%
Men's 800m Round 1 1:46,34 Brandon Miller Usa
19%
Men's 800m Semi-Final 1:43,72 Eliott Crestan Belgium
19%
Men's 800m Round 1 1:45,51 Eliott Crestan Belgium
19%
Men's 800m Repechage Round 1:49,94 Jakub Dudycha Czechia
19%
Men's 800m Round 1 1:45,62 Jakub Dudycha Czechia
19%
Men's 800m Semi-Final 1:44,11 (PB) Peyton Craig Australia
19%
Men's 800m Round 1 1:45,81 Peyton Craig Australia
19%
Men's 800m Repechage Round DNS Abdelati El Guesse Morocco
13%
Men's 800m Round 1 1:46,91 Abdelati El Guesse Morocco
13%
Men's 800m Repechage Round 1:46,81 (NR) Dennick Luke Dominica
13%
Men's 800m Semi-Final 1:50,38 Jesus Tonatiu Lopez Mexico
13%
Men's 800m Repechage Round 1:45,13 Jesus Tonatiu Lopez Mexico
13%
Men's 800m Round 1 1:45,82 Jesus Tonatiu Lopez Mexico
13%
Men's 800m Repechage Round 1:48,58 Joseph Deng Australia
13%
Men's 800m Round 1 1:45,87 (SB) Joseph Deng Australia
13%
Men's 800m Repechage Round 1:45,27 (SB) Mateusz Borkowski Poland
13%
Men's 800m Round 1 1:47,50 Mateusz Borkowski Poland
13%
Men's 800m Repechage Round 1:46,01 Navasky Anderson Jamaica
13%
Men's 800m Round 1 1:46,82 Navasky Anderson Jamaica
13%
Men's 800m Repechage Round 1:46,12 Peter Bol Australia
13%
Men's 800m Round 1 1:47,50 Peter Bol New Zealand
13%
Men's 800m Repechage Round 1:46,59 Tibo de Smet Belgium
13%
Men's 800m Round 1 1:46,06 Tibo de Smet Belgium
13%
Men's 800m Semi-Final 1:45,29 Wyclife Kinyamal Kenya
13%
Men's 800m Round 1 1:45,86 Wyclife Kinyamal Kenya
13%
Men's 800m Repechage Round 1:50,07 Yervand Mkrtchyan Armenia
13%
Men's 800m Round 1 1:49,91 (NR) Yervand Mkrtchyan Armenia
13%
Men's 800m Repechage Round 1:49,45 Abraham Guem South Sudan
6%
Men's 800m Round 1 1:48,74 (PB) Abraham Guem South Sudan
6%
Men's 800m Repechage Round DNS Abubaker Haydar Abdalla Qatar
6%
Men's 800m Round 1 1:48,42 Abubaker Haydar Abdalla Qatar
6%
Men's 800m Repechage Round DNS Ali Idow Hassan Somalia
6%
Men's 800m Round 1 1:48,72 Ali Idow Hassan Somalia
6%
Men's 800m Repechage Round 1:53,42 Bunthorn Chhun Cambodia
6%
Men's 800m Round 1 1:53,31 (SB) Bunthorn Chhun Cambodia
6%
Men's 800m Repechage Round 1:45,72 Corentin le Clezio France
6%
Men's 800m Round 1 1:45,42 Corentin le Clezio France
6%
Men's 800m Semi-Final 1:45,34 Edmund du Plessis South Africa
6%
Men's 800m Round 1 1:45,73 Edmund du Plessis South Africa
6%
Men's 800m Repechage Round 1:49,09 Edose Ibadin Nigeria
6%
Men's 800m Round 1 1:46,56 Edose Ibadin Nigeria
6%
Men's 800m Repechage Round 1:44,65 Elvin Josue Canales Spain
6%
Men's 800m Round 1 1:46,48 Elvin Josue Canales Spain
6%
Men's 800m Round 1 1:46,00 Handal Roban Saint Vincent and the Grenadines
6%
Men's 800m Repechage Round 1:50,53 James Preston New Zealand
6%
Men's 800m Round 1 1:48,50 James Preston New Zealand
6%
Men's 800m Repechage Round 1:46,44 Jose Maita Venezuela
6%
Men's 800m Round 1 1:48,02 Jose Maita Venezuela
6%
Men's 800m Semi-Final 1:44,95 Kethobogile Haingura Botswana
6%
Men's 800m Repechage Round 1:45,52 Kethobogile Haingura Botswana
6%
Men's 800m Round 1 1:46,46 Kethobogile haingura Botswana
6%
Men's 800m Repechage Round 1:46,37 Koitatoi Kidali Kenya
6%
Men's 800m Round 1 1:45,84 Koitatoi Kidali Kenya
6%
Men's 800m Round 1 1:47,54 Luke Dennick Dominica
6%
Men's 800m Semi-Final 1:46,52 Mohamed Ali Gouaned Algeria
6%
Men's 800m Repechage Round 1:44,37 (=PB) Mohamed Ali Gouaned Algeria
6%
Men's 800m Round 1 1:47,34 Mohamed Ali Gouaned Algeria
6%
Men's 800m Repechage Round 1:54,83 Mohammed Dwedar Palestine
6%
Men's 800m Round 1 1:54,83 Mohammed Dwedar Palestina
6%
Men's 800m Repechage Round 1:50,11 Musa Suliman Refugee Olympic Team
6%
Men's 800m Round 1 1:49,61 Musa Suliman Refugee Olympic Team
6%
Men's 800m Repechage Round 1:45,49 Pieter Sisk Belgium
6%
Men's 800m Round 1 1:46,60 Pieter Sisk Belgium
6%
Men's 800m Repechage Round 1:45,80 Roban Handal Saint Vincent and the Grenadines
6%
Men's 800m Repechage Round 1:44,70 (PB) Ryan Clarke Netherlands
6%
Men's 800m Round 1 1:45,56 Ryan Clarke Netherlands
6%
Men's 800m Repechage Round 1:44,57 (PB) Tobias Grondstad Norway
6%
Men's 800m Round 1 1:46,85 Tobias Grondstad Norway
6%
Men's 800m Semi-Final 1:46,37 Tobios Gronstad Norway
6%
Men's 800m Repechage Round 1:46,15 Tom Dradriga Uganda
6%
Men's 800m Round 1 1:46,05 Tom Dradriga Uganda
6%
Men's 800m Repechage Round 1:45,57 Tumo Nkape Botswana
6%
Men's 800m Round 1 1,46,99 Tumo Nkape Botswana
6%
No matching quizzes found
Score Distribution
Percent of People with Each Score
Percentile by Number Answered
Your Score History
You have not taken this quiz